Score 0/20 Timer 02:00
0 Plays Today
Song Title Missing Word % Correct
The ______ Slim ShadyReal
98.1%
Cleanin' Out My ______Closet
91.6%
Love the Way You ______Lie
86.1%
Like Toy ______Soldiers
83.8%
______ YourselfLose
83.7%
When I'm ______Gone
78.2%
Cold ______ Blows Wind
73.9%
'Till I ______Collapse
70.1%
I Need a ______Doctor
63.9%
______ AmericaWhite
63.2%
Song Title Missing Word % Correct
Not ______Afraid
60.9%
As the ______ TurnsWorld
58.8%
Guilty ______Conscience
57.8%
Space ______Bound
56.1%
______ Time's SakeOld
55.6%
We ______ YouMade
50.2%
______ SongHailie's
42.3%
______ Be the GanjaMust
37.4%
______ DeedsEvil
36.2%
______ Wide AwakeStay
28.4%

Today's Daily Dose

Remove Ads.
Support Sporcle.
Get the best of Sporcle when you Go Orange. This ad-free experience offers more features, more stats, and more fun while also helping to support Sporcle. Thank you for becoming a member.

You're not logged in!

Compare scores with friends on all Sporcle quizzes.
OR
Log In

Show Comments

Extras

Top Quizzes Today


Score Distribution

Your Account Isn't Verified!

In order to create a playlist on Sporcle, you need to verify the email address you used during registration. Go to your Sporcle Settings to finish the process.

Report this User

Report this user for behavior that violates our Community Guidelines.

Details: